000 01190nas a2200265Ia 4500
001 L235-8192E
003 IT-CnALBA
008 170116c99999999xx |||||||||||| ||und||
040 _aIT-CnALBA
_cIT-CnALBA
041 _aITALIANO
100 _aPETTINATI SAC. GUIDO, SSP.
210 _aPALESTRA DEL CLERO
222 _aPALESTRA DEL CLERO
245 0 _aPALESTRA DEL CLERO. RIVISTA DI CULTURA E PRATICA ECCLESIASTICA. ESTRATTO.
250 _a1a ed.
260 _a ROVIGO
_bISTITUTO PADANO ARTI GRAFICHE
_c1988 [1° Ed.:1988 - Ed.Ling.Originale: 1988]
310 _aQUINDICINALE
362 _aFascicolo: 11 / Anno: 67 (1988)
500 _aBARTOLO LONGO. GIOVINEZZA. VALLE DI POMPEI. CARITÀ. LAVORATORE. PADRE DEI POVERI. GENTILUOMO. UOMO DI DIO. CONTRASTI CON LA SANTA SEDE. AL SEVIZIO DEL SANTUARIO.
501 _aSocietà San Paolo EM - Piazza San Paolo, 14 - 12051 ALBA (CN) (non commercial uses only) ® Copyright 2017
520 _aBARTOLO LONGO. GIOVINEZZA. VALLE DI POMPEI. CARITÀ. LAVORATORE. PADRE DEI POVERI. GENTILUOMO. UOMO DI DIO. CONTRASTI CON LA SANTA SEDE. AL SEVIZIO DEL SANTUARIO.
650 _aMARIA SS. ANGELI SANTI DEMONI
942 _cCR
957 _71
999 _a43737
_bNO
_g1
_c323097
_d323097